000 00820nam a2200253Ia 4500
003 OSt
005 20221005092606.0
006 a|||||r|||| 00| 0
007 ta
008 221004b |||||||| |||| 00| 0 eng d
020 _a9780815362876 (hbk)
_cUKP 115.00
024 _a44050
037 _b1705, 15/03/2019, Bright Book Service
_cTextual
040 _aCRL
_cCRL
_beng
041 _2eng
_aeng
082 _aO111,3M82,UL:g, Q8
100 _aRedner Harry Au.
_9617569
245 0 _aUlysses and faust
_b tradition and modernism from Homer till the present
260 _aNew York
_bRoutledge USA
_c2018
300 _a293p.
_ccm.
650 _aENGLISH LITERATURE
942 _hO111,3M82,UL:g, Q8
_cTEXL
_2cc
999 _c999095
_d999095